[Event "Match 70__120'/40"]
[Site "Zürich"]
[Date "2022.??.??"]
[Round "37"]
[White "CXG Sphinx 40 most agg"]
[Black "CXG Sphinx Legend"]
[Result "0-1"]
[WhiteElo "1780"]
[BlackElo "1816"]
[Annotator "Utzinger,K"]
[PlyCount "149"]
[EventDate "2022.??.??"]

{[%evp 0,149,19,31,40,7,17,16,21,4,20,20,8,22,13,-12,-16,-6,2,18,19,-39,-18,
-25,-29,-29,-29,-29,17,-39,-34,-57,-54,-54,-55,-54,-66,-76,-89,-80,-76,-81,-91,
-109,-31,-41,-40,-65,-49,-49,-57,-126,-161,-174,-162,-212,-165,-165,-183,-194,
-175,-235,-235,-292,-321,-287,-330,-637,-646,-708,-703,-703,-583,-654,-547,
-715,-621,-621,-638,-639,-647,-647,-371,-531,-276,-251,-267,-267,-262,-298,
-264,-478,-181,-200,-416,-255,-251,-220,-212,-241,-240,-244,-215,-323,-345,
-411,-416,-396,-415,-434,-418,-440,-479,-507,-479,-479,-479,-500,-468,-476,
-464,-464,-422,-476,-292,-298,-318,-312,-330,-338,-349,-359,-351,-353,-354,
-762,-762,-1079,-1145,-1135,-1188,-1155,-1410,-1794,-1894,-2145,-2136,-3281,
-1914,-2343,-2717,-29977]} 1. e4 c5 {Match 120'/40 | Bediener: Rolf Bühler |
37. Partie: Schwarz (Sphinx Legend) gewinnt | Zwischenstand: 20,0-17,0 (54%)
für Sphinx Legend | Wie üblich ist mit dem Alapin-System 2.c3 gegen die
Sizilianische Verteidigung kein Vorteil zu erreichen. Schwarz agiert jedoch im
Mittelspiel wenig glücklich und hätte eine deutlich schlechtere Stellung in
Kauf nehmen müssen. Das bemerkt die "Unergründliche" nicht und bleibt selbst
mit einem Minusbauer hängen. Nach einem die Stellung schwächenden Bauernzug
gerät die Sphinx 40 in echte Nöte und steht bald einmal mit 3 Minusbauern da.
Nun kann nur noch ein Dauerschach mit der Dame retten. Und da die Sphinx
Legend unnötig kompliziert auf der Gewinnstrasse taumelt, ist es fast
zufällig, dass sich kein Dauerschach ergibt. Dass die "Unergründliche" ihre
letzten Dauerschachmöglichkeiten verscherzt und bei 3 Minusbauern den
Damentausch mit Übergang zum Bauernendspiel zulässt, ist schon fast als
"kriminelle" Handlung einzustufen. Im Grossen und Ganzen aber doch ein wohl
verdienter Sieg für das Programm von Gyula Horvath.} 2. c3 Nf6 3. e5 Nd5 4. d4
cxd4 5. Nf3 Nc6 6. Bc4 Nb6 {***ENDE BUCH***} 7. Bb3 d6 8. exd6 {***ENDE BUCH***
} Qxd6 9. O-O d3 {Obwohl den Engines dieser Vorstoss nicht gefällt, ist das
unter den Oldies eine durchaus brauchbare Fortsetzung.} (9... Be6 {ist eine
interessante Option, um die gefährliche Diagonale zu schliessen.} 10. Bxe6
Qxe6 11. Nxd4 Nxd4 12. Qxd4 Rd8 13. Qe3 Qxe3 14. Bxe3 $11) (9... Bg4 $2 {
wäre indessen zweifelhaft wegen} 10. Bxf7+ Kxf7 11. Ng5+ Kg8 12. Qxg4 $16 {
mit spürbarem weissem Vorteil.}) (9... dxc3 {hätte ich von Schwarz erwartet,
denn nach} 10. Nxc3 Qxd1 11. Rxd1 Bg4 {besitzt Schwarz einen Mehrbauer, ohne
dass ihm Gefährliches droht.}) 10. Nbd2 Qg6 {Hier steht die Dame nicht besser
als auf d6. Entwicklung mit 10...Lf5 war eher angesagt.} 11. Nc4 {Einzig 11.
Te1 oder 11.a4 stellt für Schwarz eine Herausforderung dar.} Bg4 (11... Bh3 {
wird widerlegt durch} 12. Ng5 Nxc4 13. Bxc4 Ne5 14. Bd5 Bg4 15. Qb3 $16 {
mit prächtiger Stellung für Weiss.}) 12. Nxb6 axb6 13. h3 {[#]} Bxh3 $2 {
Das ist fehlerhaft und für Schwarz deutlich nachteilig. Richtig wäre 13...
Lxf3 gewesen.} 14. Nh4 $2 {Der falsche Weg und jedenfalls keine Widerlegung
des schwachen schwarzen Zuges.} (14. Ng5 Be6 15. Nxe6 fxe6 16. Re1 e5 17. Bd5
$16 {und Weiss steht spürbar besser}) 14... Qf6 15. gxh3 Qxh4 16. Qxd3 e6 {
Nun ist es Schwarz, der die etwas günstigere Position hat.} 17. Qf3 Bc5 18.
Re1 O-O 19. Re4 Qe7 20. Qg3 Qf6 21. Bc2 e5 {Nach der Besetzung der offene
d-Linie durch 21...Tfd8 bliebe Schwarz im Vorteil.} 22. b4 Bd6 23. Bd3 $6 {
Erlaubt dem Gegner, Vorteil zu erhalten.} (23. Qg4 h6 24. Re3 Ne7 25. Rf3 Qe6
26. Bb3 Qxg4+ 27. hxg4 Rad8 28. Be3 Bc7 $11 {ausgeglichen}) 23... Bc7 $6 {
Schwarz hätte 23...De7 antworten sollen mit der Idee, den König nach h8 zu
stellen und anschliessend ...f5 folgen zu lassen.} 24. Bc4 h6 {[#]} 25. f3 $2 {
Schwächt einzig die Stellung und nimmt dem weissen Turm das Feld f3 weg.
Sowohl 25.Lb3 als auch 25.Le3 sind wesentlich stärker. Nach dem Textzug
springt selbst beim zurückhaltenden ShashChess 22 die schwarze Bewertung um
fast 2 Bauerneinheiten in die Höhe.} Rfd8 $1 {Ebenbürtig sieht 25...Se7! aus.
} 26. Be3 Ra3 $6 {Mit für uns Menschen und unsere Oldies undurchsichtigen
Varianten nach 26...b5! und/oder 26...Se7! attestieren die modernen Engines:
Schwarz gewinnt.} 27. Rc1 b5 $1 28. Bxb5 Rxa2 29. Bc4 Rb2 {Schwarz ist es
gelungen, die 2. Reihe zu erobern. Die weisse Stellung neigt zum Kollaps, bzw.
Weiss ist bereits verloren.} 30. Ra1 Rc2 31. b5 Ne7 32. Bc5 Rxc3 {Damit holt
sich Schwarz den zweiten Bauern.} 33. Ra3 Rd1+ 34. Kh2 Nf5 35. Qf2 Rxa3 36.
Bxa3 Nd4 {Furchtbar, wie die schwarzen Figuren im gegnerischen Lager wüten.}
37. Kg2 Rd2 {Jetzt fängt selbst die Sphinx Legend noch an zu kombinieren.} 38.
Qxd2 Qxf3+ 39. Kg1 Qxe4 {Und schon sind es 3 schwarze Mehrbauern.} 40. Qd3 Qe1+
41. Kg2 e4 42. Qxd4 Qg3+ 43. Kf1 Qxh3+ {Weshalb die Sphinx Legend in der Folge
mit ihrer Dame herumwurstelt und nicht endlich die Figur mit ...Dxa3
zurückholt, ist schwer verständlich.} 44. Ke1 Ba5+ 45. Kf2 Qf5+ (45... Qf3+
46. Kg1 Qxa3 $19) 46. Kg1 Qg4+ 47. Kf1 Qf3+ 48. Qf2 Qh1+ ({Jetzt geht} 48...
Qxa3 $4 {schon nicht mehr, weil Weiss zum Dauerschach käme} 49. Qxf7+ Kh7 50.
Qf5+ Kh8 51. Qc8+ Kh7 52. Qf5+ $11) 49. Ke2 Qh5+ 50. Kf1 e3 51. Qxe3 Qf5+ {
Per Zufall bekommt Schwarz nun die Figur wieder zurück, nämlich den Läufer
auf c4.} 52. Qf2 Qb1+ 53. Kg2 Qe4+ 54. Kg1 Qxc4 {Endlich kann der Bediener
wieder aufatmen.} 55. Qc5 Qg4+ 56. Kh2 Qh4+ 57. Kg2 Qe4+ 58. Kh2 Qf4+ 59. Kg2
Qd2+ 60. Kg1 Qd3 61. Bc1 Bb4 62. Qxb4 Qd1+ 63. Kg2 Qxc1 {Das Damenendspiel mit
3 Bauern mehr ist natürlich für Schwarz leicht gewonnen, ausser man läuft
noch in ein Dauerschach der gegnerischen Dame.} 64. Qb3 Qg5+ 65. Kh3 h5 66. Qd3
Qf6 {[#]} 67. Qd5 $2 {Unglaublich, dass Weiss den Damentausch zulässt und in
ein Bauernendspiel mit 3 Minusbauern einlenken lässt.} Qe6+ 68. Qxe6 fxe6 69.
Kh4 g6 70. Kg5 e5 71. Kh4 e4 72. Kg3 g5 73. Kf2 h4 74. Ke3 h3 75. Kxe4 {
***AUFGEGEBEN***} 0-1

[Event "Match 70__120'/40"]
[Site "Zürich"]
[Date "2022.??.??"]
[Round "39"]
[White "CXG Sphinx 40 most agg"]
[Black "CXG Sphinx Legend"]
[Result "0-1"]
[WhiteElo "1780"]
[BlackElo "1816"]
[Annotator "Utzinger,K"]
[PlyCount "179"]
[EventDate "2022.??.??"]

{[%evp 0,179,19,38,83,67,86,73,73,68,66,70,65,52,48,56,64,7,17,32,31,13,17,13,
42,53,59,30,53,55,53,59,56,48,65,42,48,13,89,76,95,107,87,-9,0,-32,-37,-82,-56,
-71,-103,-141,-116,-116,-60,-41,-35,-106,-102,-108,-97,-124,-116,-137,-97,-190,
-136,-131,-124,-108,-110,-156,-144,-144,-160,-231,-139,-161,-148,-248,-231,
-270,-271,-273,-242,-242,-97,-210,-210,-210,-153,-149,-151,-153,-95,-173,-171,
-221,-213,-244,-195,-228,-203,-163,-198,-247,-198,-293,-293,-290,-304,-290,
-270,-284,-268,-268,-268,-274,-282,-328,-417,-29985,-604,-876,-573,-573,-325,
-315,-327,-320,-236,-250,-241,-306,-185,-183,-181,-185,-168,-199,-242,-242,
-243,-263,-268,-263,-278,-276,-264,-276,-276,-301,-333,-355,-412,-412,-443,
-871,-412,-443,-443,-443,-443,-443,-437,-1173,-1221,-1249,-1422,-1543,-1520,
-1570,-1596,-2024,-2314,-2404,-1837,-2261,-2184,-2298,-2522,-29987]} 1. e4 g6 {
Match 120'/40 | Bediener: Rolf Bühler | 39. Partie: Schwarz (Sphinx Legend)
gewinnt | Zwischenstand: 22,0-17,0 (56,4%) für Sphinx Legend | Die
Pirc-Verteidigung, Klassisches System, wird gespielt. Mit beidseitigen
Ungenauigkeiten agieren die Programme auf gleichem Niveau, wobei sich Schwarz 
(Sphinx Legend) leichte Vorteile verschaffen kann. Den verfrühten
Zentrumsvorstoss 24...e4?! pariert die "Unergründliche" fehlerhaft und gerät
in eine verlorene, aber zu komplizierte Stellung, so dass Schwarz den Gewinn
nicht finden kann. Es bleibt weiterhin komplex und so erstaunt es nicht, dass
gegenseitig Fehler passieren, Weiss den Ausgleich mehrfach ebenso verpasst wie
Schwarz den Gewinn. Doch liegt die Initiative bei Schwarz und die Sphinx 40
begeht mehr Ungenauigkeiten als der Gegner, weshalb das Unheil für Weiss
seinen Lauf nimmt. Vorerst geht ein weisser Bauer verloren und nach einem
erneuten Faux Pas der Sphinx 40 fallen zwei weitere Bauern, womit das
Schicksal der Partie dann besiegelt war.} 2. d4 d6 3. Nc3 Nf6 4. Be2 Bg7 {
***ENDE BUCH***} 5. Nf3 {***ENDE BUCH***} Bg4 6. h3 Bxf3 7. Bxf3 Nbd7 8. e5 {
Sieht besser aus, als es ist.} dxe5 9. Bxb7 Rb8 10. Bf3 O-O $11 {Die Stellung
befindet sich im Gleichgewicht.} 11. O-O exd4 12. Qxd4 c5 13. Qf4 Rb4 14. Qe3
e6 15. a3 Rb8 16. Rd1 Qe7 {Wirkungsvoller stünde die Dame auf c7.} 17. a4 {
Ein undurchsichtiger Vorstoss.} Rfd8 18. a5 e5 {Schwächt das Feld d5.} ({Nach
} 18... Ne8 $11 {wäre alles im Butter}) 19. Ra4 {Weshalb die Engines 19.Ta3
fast mit einer Bewertung von einer Bauernmehrheit besser sehen, ist für uns
Menschen alles andere als offensichtlich.} Kh8 (19... Nf8 {mit der Idee, ...
Se6 folgen zu lassen, war am besten.}) 20. b3 Nf8 21. Nd5 $6 {Nicht am besten
und den möglichen Vorteil vergebend.} (21. Rxd8 $1 Rxd8 22. Ba3 $16 {und
Weiss steht klar besser.}) 21... Nxd5 22. Bxd5 {Auch gegen 22.Txd5 sprach gar
nichts.} Ne6 23. Rd3 $6 {Den Einfall des schwarzen Springers nach d4 hätte
Weiss mit 23.c3 verhindern sollen.} Nd4 24. c4 {In der Zwischenzeit hat
Schwarz sich die bessere Stellung erarbeitet und sollte sich zu 24...a6 oder
24...Dc7 durchringen. Der folgende Bauernvorstoss indessen ist verfrüht und
nur in Ordnung, wenn der Gegner den Bauern mit seinem Läufer schlägt.} e4 $6
{[#]} 25. Bxe4 $2 {Weiss fällt herein, statt mit 25.Lb2 eine sichere Wahl zu
treffen.} Re8 $1 {Das bringt Weiss bereits an den Rand der Niederlage.} 26. Bf3
{Die beste Verteidigung.} Qd7 $2 {Droht Bauerngewinn mit ...Txb3, weil dann
der Ta4 hängt. Die komplizierten Gewinnvarianten mit 26...Dc7 oder 26...Dh4
können unsere beiden Oldies unmöglich erkennen.} 27. Qd2 Rxb3 {Logisch, aber
genügt nicht zum Gewinn.} 28. Ra3 $2 {Weiss hätte ohne Nachteil auf b3
zugreifen sollen. Allerdings sind in dieser komplexen Stellung beide Programme
überfordert.} (28. Rxb3 Qxa4 29. Rb7 Qxc4 30. Bb2 a6 31. Rb6 h5 32. Bxd4 Bxd4
33. g3 Kg7 34. Kg2 {und trotz schwarzem Mehrbauer muss sich Weiss keine Sorgen
machen; die weissfeldrigen Schwächen von Schwarz bieten Weiss mit seinen
aktiven Figuren und dem weissfeldrigen Läufer genügend Kompensation.}) 28...
Rb4 $6 {Deutlich stärker ist 28...Tb1!!. was bereits als Gewinnzug zu
betrachten ist, natürlich weit ausserhalb der Sichtweise unserer Oldies.} 29.
Bg4 f5 $6 {Bei weitem nicht die beste Fortsetzung.} (29... Qc7 $19) (29... Qd8
$19) (29... Qd6 $19) 30. Bd1 Rxc4 $6 {Auch wenn es nicht so aussieht, war 30...
Tb1 bedeutend wirkungsvoller.} 31. Bb2 ({Nach der besten Verteidigung} 31. Re3
f4 32. Rxe8+ Qxe8 33. Bb2 Rb4 34. Bc3 Rb1 35. Kh2 {ist es fraglich, wie
Schwarz entscheidende Fortschritte machen könnte.}) 31... Qc7 32. Ba1 Rb4 33.
Re3 Reb8 34. Qe1 Bf6 35. Re8+ Kg7 (35... Rxe8 36. Qxe8+ Kg7 {ist stärker,
weil die weisse Dame im schwarzen Lager kein Unheil anrichten kann und bei der
Verteidigung fehlt.}) 36. Rxb8 Rxb8 37. Qd2 (37. Bxd4 Bxd4 38. Rb3 Rxb3 39.
Bxb3 {hält den Schaden in Grenzen}) 37... Rb5 $6 {Mit 37...Tb1! bliebe
Schwarz auf dem Siegespfad} 38. Bc3 Rb1 39. Qd3 ({Viel besser} 39. Kh1 {
um nach Ta1 dem Schachgebot ...Sf3+ auszuweichen.}) 39... Rc1 $1 $19 {Trifft
wohl zufällig die beste Wahl.} 40. Bb2 (40. Ra1 $4 {wäre nun ein
schrecklicher Fehler wegen} Rxc3 {und falls} 41. Qxc3 Ne2+ 42. Bxe2 Bxc3 $19)
40... Nf3+ $1 {Die Sphinx Legend ist erwacht.} 41. Qxf3 Bxb2 42. Rb3 Qd8 $2 {
Ohne Wenn und Aber hätten 42...Dd6 oder auch 42...De5 gewonnen. Jetzt muss
Schwarz um den Sieg noch bangen.} (42... Qd6 43. Rd3 Bd4 44. Qe2 h5 45. Qd2 Ra1
46. Kh1 h4 47. Kg1 Qd8 48. Kf1 Rxa5) {[#]} 43. Rd3 $2 {Verpasst einen
einfachen Remisweg.} (43. Rxb2 Qxd1+ 44. Qxd1 Rxd1+ 45. Kh2 Rd7 46. Rb5 Rc7 47.
a6 c4 48. Rb7 Rf7 49. Rb4 Rc7 50. Rb7 $11) 43... Bd4 44. Qb7+ Kh8 $2 {Die
schlechteste Wahl, welche praktisch den ganzen schwarzen Vorteil zunichtemacht.
} 45. Qb2 $1 {Diese Rettung wäre mit einem König auf g8 oder h6 nicht
möglich.} Rc4 (45... Bxb2 46. Rxd8+ Kg7 47. Kf1 Ra1 48. Ke2 Rxa5 49. Rd7+ Kh6
50. Bb3 {und die weisse Stellung ist leicht zu halten.}) 46. Qe2 Qc7 47. Qe8+ {
Einfacher war 47.Te3!} (47. Re3 Qf4 (47... Bxe3 48. Qxc4 $11 Bd4 49. Bb3 $11)
48. Qxc4 Bxe3 49. Qe2 Bd4 50. Qe8+ $11) 47... Kg7 {[#]} 48. Qe6 $2 {Damit
stürzt Weiss wieder ins Elend. Nach 48.g3 war noch Kampf möglich.} Rc1 $1 49.
a6 Rb1 50. Rd2 Rb6 51. Qa2 Qf4 52. Re2 Qd6 53. Re8 Rb2 $1 {Mit dem
Doppelangriff auf Dame und den Punkt f2 leitet Schwarz das Ende ein.} 54. Qg8+
Kh6 55. Rd8 Bxf2+ 56. Kh1 Qxa6 {Und schon besitzt Schwarz drei Bauern mehr.}
57. Qf8+ Kg5 58. Qe7+ Qf6 59. Qd7 Kh6 60. Qd5 a5 {Der Freibauer läuft.} 61.
Rd7 Qc3 62. Qe6 Rd2 $1 {Leitet eine erzwungene Abwicklung ein, die alles
endgültig klar macht.} 63. Rxd2 Qxd2 64. Qe2 {erzwungen} Qxe2 65. Bxe2 {
Der Gewinn ist nun für Schwarz ein Kinderspiel.} a4 66. g4 f4 67. Kg2 Be3 68.
h4 g5 69. h5 Kg7 70. Kf3 a3 71. Bc4 Bd4 72. Ke4 h6 73. Bd5 Bf6 74. Bc4 Kf8 75.
Bd5 Bd4 76. Bc4 Ke7 77. Bd5 Kd6 78. Bb3 Bf6 79. Bf7 Ke7 80. Ba2 Bg7 81. Bc4 Kd7
82. Kd5 {Es ist zwar belanglos, was Weiss noch zieht. Doch ist es
grundsätzlich falsch, mit dem König sich vom schwarzen Freibauer soweit zu
entfernen, dass dessen Umwandlung nicht zu verhindern ist.} f3 83. Kxc5 f2 84.
Bb5+ Ke7 85. Bc4 a2 86. Bxa2 f1=Q 87. Bc4 Qg1+ 88. Kc6 Qxg4 89. Bb3 Qxh5 90.
Bc4 {***AUFGEGEBEN***} 0-1